A practical introduction to Homeopathy
| Main Author: | |
|---|---|
| Format: | Book |
| Published: |
London :
Caxton Editions ,
2002
|
| Subjects: |
MARC
| LEADER | 00000cam a2200000 7i4500 | ||
|---|---|---|---|
| 001 | 0000015929 | ||
| 005 | 20080417.0 | ||
| 008 | 080417 | ||
| 020 | |a 1840673044 | ||
| 090 | 0 | 0 | |a 615.532 |b CHA |
| 100 | 1 | |a Charles, Liz | |
| 245 | 1 | 2 | |a A practical introduction to Homeopathy |c Liz Charles |
| 260 | |a London : |b Caxton Editions , |c 2002 | ||
| 650 | 0 | |a Executives |x Handbooks, manuals, etc | |
| 650 | 0 | |a Homeopathy | |
| 999 | |a 0001015524 |b Book |c Adult Collection |e Cawangan Batu Pahat | ||